|
|
|
|
| LEADER |
00000nam0a2200000 4500 |
| 001 |
258874 |
| 005 |
20231101233332.0 |
| 020 |
|
|
|a RU
|b 87-91078
|
| 035 |
|
|
|a (RuTPU)RU\TPU\book\281764
|
| 090 |
|
|
|a 258874
|
| 100 |
|
|
|a 20140429d1987 k a0rusy5003 ca
|
| 101 |
0 |
|
|a rus
|
| 102 |
|
|
|a RU
|
| 105 |
|
|
|a y z 001zy
|
| 200 |
1 |
|
|a Экологическое знание и сознание: особенности формирования
|f А. Н. Кочергин, Ю. Г. Марков, Н. Г. Васильев
|g Академия наук СССР (АН СССР), Сибирское отделение (СО), Институт истории, филологии и философии
|
| 210 |
|
|
|a Новосибирск
|c Наука
|d 1987
|
| 215 |
|
|
|a 221с.
|
| 320 |
|
|
|a Библиогр. в примеч.: с. 201-211.
|
| 320 |
|
|
|a Указ. имен. и предм.: с. 212-219.
|
| 606 |
1 |
|
|a Экология
|x Социальные аспекты
|2 stltpush
|3 (RuTPU)RU\TPU\subj\39021
|9 59262
|
| 610 |
1 |
|
|a социальная экология
|
| 610 |
1 |
|
|a формирование
|
| 610 |
1 |
|
|a общество
|
| 610 |
1 |
|
|a природа
|
| 610 |
1 |
|
|a взаимодействие
|
| 610 |
1 |
|
|a социально-экологические проблемы
|
| 610 |
1 |
|
|a экологическое сознание
|
| 675 |
|
|
|a 504.03
|z rus
|
| 700 |
|
1 |
|a Кочергин
|b А. Н.
|g Альберт Николаевич
|
| 701 |
|
1 |
|a Марков
|b Ю. Г.
|g Юрий Геннадьевич
|
| 701 |
|
1 |
|a Васильев
|b Н. Г.
|g Николай Гаврилович
|
| 712 |
0 |
2 |
|a Академия наук СССР (АН СССР)
|b Сибирское отделение (СО)
|b Институт истории, филологии и философии
|c (Новосибирск)
|2 stltpush
|3 (RuTPU)RU\TPU\col\11501
|
| 801 |
|
0 |
|a RU
|b RuMRKP
|c 19950417
|g psbo
|
| 801 |
|
1 |
|a RU
|b 63413507
|c 20140429
|
| 801 |
|
2 |
|a RU
|b 63413507
|c 20141110
|g RCR
|
| 942 |
|
|
|c BK
|